| 000 -LEADER |
| fixed length control field |
00454nam a2200169Ia 4500 |
| 001 - CONTROL NUMBER |
| control field |
19640 |
| 003 - CONTROL NUMBER IDENTIFIER |
| control field |
GE_BSU |
| 008 - FIXED-LENGTH DATA ELEMENTS--GENERAL INFORMATION |
| fixed length control field |
181216s||||||||xx |||||||||||||| ||und|| |
| 040 ## - CATALOGING SOURCE |
| Transcribing agency |
GE_BSU |
| 245 #4 - TITLE STATEMENT |
| Title |
The Economist. December 10th-16th. Volume 421. Number 9019 |
| 260 ## - PUBLICATION, DISTRIBUTION, ETC. |
| Place of publication, distribution, etc. |
Paris |
| 260 ## - PUBLICATION, DISTRIBUTION, ETC. |
| Date of publication, distribution, etc. |
2016 |
| 300 ## - PHYSICAL DESCRIPTION |
| Extent |
80p. 27cm. |
| 653 ## - INDEX TERM--UNCONTROLLED |
| Uncontrolled term |
The Economist. Volume 421. Number 9019. December 10th-16th. |
| 653 ## - INDEX TERM--UNCONTROLLED |
| Uncontrolled term |
პერიოდიკა |
| 942 ## - ADDED ENTRY ELEMENTS (KOHA) |
| Koha item type |
პერიოდიკა |